000 00310nam a22001217a 4500
020 _a0-330-28260-3
082 _a005.369 ERS
100 _aERSKINE,ROBERTk,WALWYN HUMPHREY
_974845
245 _aSIXTY PROGRAMS FOR THE SINCLAIR ZX SPECTRUM
260 _aLONDON
_bPAN BOOKS
_c1983
300 _a287P
942 _cBK
999 _c580351
_d580351